000 00780nam a22002297a 4500
005 20170124110250.0
010 _aB-165975
020 _c990.00
035 _aB-165975
037 _bCen Lib/Ret
040 _aDPL
_bEN
082 _a347.54077
_bBIS
100 _aBissa, Raman
_940232
245 _aCTR year book 2006 :
_cby Raman Bissa [and] Rajesh Kapoor
_ba complete digest of judgments reported during the year 2005 in CTR,ITR and Taxman /
260 _aJodhpur
_bCurrent Tax Reporter
_c2006
270 _bJodhpur
_a'Archana', 34-Heavy Industrial Area
_e342003
300 _a1047p.
_c22cm(Hb)
650 _aYear book - 2006
_998712
650 _aTax - income and gift
_998713
700 _aKapoor, Rajesh
_998714
942 _2ddc
_cEN
_h347.54077
_mBIS
999 _c135840
_d135840